[Event "DEM U10 2024"]
[Site "Willingen GER"]
[Date "2024.05.24"]
[Round "9"]
[White "Wittenberger, Henri"]
[Black "Dintinger, Ata Lucien"]
[Result "1-0"]
[Termination "normal"]
[Board "23"]
[WhiteElo "1210"]
[BlackElo "1096"]
[WhiteClock "00:12:03"]
[BlackClock "00:35:06"]
[PlyCount "133"]
[WhiteFideId "34691510"]
[BlackFideId "34654550"]
[EventCountry "GER"]
[EventRounds "11"]
[EventType "swiss"]
[EventDate "2024.05.18"]

1. e4 {[%clk 01:15:58]} {[%emt 00:00:02]} e5 {[%clk 01:15:55]} {[%emt
00:00:07]} 2. Nf3 {[%clk 01:16:23]} {[%emt 00:00:04]} Nc6 {[%clk 01:16:23]}
{[%emt 00:00:02]} 3. Bc4 {[%clk 01:16:46]} {[%emt 00:00:07]} h6 {[%clk
01:16:26]} {[%emt 00:00:27]} 4. O-O {[%clk 01:16:04]} {[%emt 00:01:11]} Nf6
{[%clk 01:16:15]} {[%emt 00:00:41]} 5. Nc3 {[%clk 01:14:39]} {[%emt 00:01:56]}
Bc5 {[%clk 01:16:19]} {[%emt 00:00:27]} 6. d4 {[%clk 01:07:37]} {[%emt
00:07:31]} exd4 {[%clk 01:15:53]} {[%emt 00:00:56]} 7. e5 {[%clk 01:07:59]}
{[%emt 00:00:08]} dxc3 {[%clk 01:15:48]} {[%emt 00:00:35]} 8. exf6 {[%clk
01:08:22]} {[%emt 00:00:06]} Qxf6 {[%clk 01:11:31]} {[%emt 00:04:48]} 9. Re1+
{[%clk 01:03:40]} {[%emt 00:05:11]} Ne7 {[%clk 01:10:13]} {[%emt 00:01:49]} 10.
bxc3 {[%clk 00:52:20]} {[%emt 00:11:50]} O-O {[%clk 01:09:57]} {[%emt
00:00:46]} 11. Bb2 {[%clk 00:48:51]} {[%emt 00:03:59]} d6 {[%clk 01:07:44]}
{[%emt 00:02:43]} 12. Bd3 {[%clk 00:44:36]} {[%emt 00:04:45]} Be6 {[%clk
01:07:24]} {[%emt 00:00:50]} 13. Rb1 {[%clk 00:43:26]} {[%emt 00:01:40]} Nc6
{[%clk 01:04:29]} {[%emt 00:03:25]} 14. c4 {[%clk 00:42:03]} {[%emt 00:01:54]}
Nd4 {[%clk 01:02:50]} {[%emt 00:02:08]} 15. Nxd4 {[%clk 00:36:24]} {[%emt
00:06:08]} Bxd4 {[%clk 01:02:10]} {[%emt 00:01:10]} 16. Bxd4 {[%clk 00:36:47]}
Qe7 {[%clk 01:01:19]} {[%emt 00:01:29]} 17. Qg4 {[%clk 00:35:50]} Bxg4 {[%clk
00:59:56]} {[%emt 00:03:19]} 18. Rxe7 {[%clk 00:36:13]} c5 {[%clk 01:00:07]}
{[%emt 00:00:26]} 19. Bc3 {[%clk 00:36:16]} b6 {[%clk 01:00:06]} {[%emt
00:00:59]} 20. Rbe1 {[%clk 00:35:28]} {[%emt 00:01:08]} Be6 {[%clk 01:00:11]}
{[%emt 00:00:35]} 21. Re3 {[%clk 00:33:52]} {[%emt 00:01:59]} Rfe8 {[%clk
00:57:38]} {[%emt 00:03:09]} 22. Rxe8+ {[%clk 00:33:23]} {[%emt 00:00:59]} Rxe8
{[%clk 00:58:01]} {[%emt 00:00:07]} 23. Rg3 {[%clk 00:32:26]} {[%emt 00:01:08]}
g6 {[%clk 00:58:14]} {[%emt 00:00:36]} 24. h4 {[%clk 00:31:31]} {[%emt
00:01:25]} h5 {[%clk 00:58:04]} {[%emt 00:00:41]} 25. Be2 {[%clk 00:30:41]}
{[%emt 00:01:13]} Kf8 {[%clk 00:56:12]} {[%emt 00:00:35]} 26. Bf6 {[%clk
00:31:11]} Bf5 {[%clk 00:55:20]} {[%emt 00:03:17]} 27. Bd3 {[%clk 00:30:14]}
{[%emt 00:01:27]} Re1+ {[%clk 00:53:41]} {[%emt 00:02:08]} 28. Kh2 {[%clk
00:30:25]} {[%emt 00:00:18]} Be6 {[%clk 00:53:15]} {[%emt 00:00:56]} 29. Re3
{[%clk 00:29:29]} {[%emt 00:01:26]} Rxe3 {[%clk 00:52:02]} {[%emt 00:01:43]}
30. fxe3 {[%clk 00:29:51]} {[%emt 00:00:09]} Bg4 {[%clk 00:51:45]} {[%emt
00:00:47]} 31. Bd8 {[%clk 00:29:41]} {[%emt 00:00:35]} Ke8 {[%clk 00:51:59]}
{[%emt 00:00:21]} 32. Bg5 {[%clk 00:28:38]} {[%emt 00:01:14]} Kd7 {[%clk
00:51:29]} {[%emt 00:01:18]} 33. Kg3 {[%clk 00:28:04]} {[%emt 00:00:57]} Ke6
{[%emt 00:02:11]} 34. Kf4 {[%clk 00:26:37]} {[%emt 00:00:49]} f6 {[%clk
00:43:37]} {[%emt 00:07:57]} 35. Bh6 {[%clk 00:26:49]} {[%emt 00:00:16]} Kf7
{[%clk 00:41:33]} {[%emt 00:02:03]} 36. Kg3 a6 {[%clk 00:37:58]} {[%emt
00:04:03]} 37. Bf4 Bd7 {[%emt 00:05:02]} 38. Bxd6 {[%emt 00:00:27]} g5 {[%emt
00:02:12]} 39. hxg5 {[%clk 00:22:35]} {[%emt 00:00:02]} fxg5 {[%emt 00:02:44]}
40. Kh2 {[%emt 00:01:41]} Ke6 {[%clk 00:38:05]} {[%emt 00:00:03]} 41. Bc7
{[%clk 00:19:40]} {[%emt 00:00:22]} b5 {[%clk 00:38:29]} {[%emt 00:00:09]} 42.
cxb5 {[%clk 00:19:52]} {[%emt 00:00:18]} axb5 {[%clk 00:38:49]} {[%emt
00:00:10]} 43. Bg6 {[%clk 00:19:16]} {[%emt 00:01:01]} h4 {[%clk 00:39:07]}
{[%emt 00:00:18]} 44. Bd8 {[%clk 00:19:40]} {[%emt 00:00:06]} Kd5 {[%clk
00:38:24]} {[%emt 00:01:12]} 45. Bxg5 {[%clk 00:19:30]} {[%emt 00:00:39]} c4
{[%clk 00:38:25]} {[%emt 00:00:31]} 46. c3 {[%clk 00:19:13]} {[%emt 00:00:44]}
Kc5 {[%clk 00:38:33]} {[%emt 00:00:24]} 47. Bxh4 {[%clk 00:19:19]} {[%emt
00:00:24]} Bc6 {[%clk 00:37:46]} {[%emt 00:01:17]} 48. Be7+ {[%clk 00:18:27]}
{[%emt 00:01:16]} Kd5 {[%clk 00:38:09]} {[%emt 00:00:14]} 49. Bb4 {[%clk
00:18:33]} {[%emt 00:00:24]} Ke5 {[%clk 00:38:13]} {[%emt 00:00:26]} 50. g4
{[%clk 00:18:00]} {[%emt 00:01:00]} Kf6 {[%emt 00:00:36]} 51. Bf5 {[%clk
00:17:45]} {[%emt 00:00:43]} Kg5 {[%clk 00:37:41]} {[%emt 00:01:01]} 52. Be7+
{[%clk 00:17:01]} {[%emt 00:01:10]} Kh6 {[%clk 00:37:27]} {[%emt 00:00:13]} 53.
Kg3 {[%clk 00:16:33]} {[%emt 00:01:27]} Kg7 {[%clk 00:37:34]} {[%emt 00:00:28]}
54. Be6 {[%clk 00:15:52]} {[%emt 00:01:05]} Kg6 {[%clk 00:37:31]} {[%emt
00:00:39]} 55. Kf4 {[%clk 00:15:55]} {[%emt 00:00:22]} Be8 {[%clk 00:36:58]}
{[%emt 00:01:08]} 56. e4 {[%clk 00:14:42]} {[%emt 00:01:43]} Kg7 {[%clk
00:36:17]} {[%emt 00:01:12]} 57. Kg5 {[%clk 00:13:40]} {[%emt 00:01:26]} Kh7
{[%clk 00:35:02]} {[%emt 00:01:50]} 58. Bf5+ {[%clk 00:12:50]} {[%emt
00:01:11]} Kg7 {[%clk 00:35:16]} {[%emt 00:00:26]} 59. Bf6+ {[%clk 00:12:50]}
{[%emt 00:00:26]} Kg8 {[%clk 00:35:33]} {[%emt 00:00:17]} 60. Bg6 {[%clk
00:12:32]} {[%emt 00:00:45]} Bd7 {[%clk 00:35:31]} {[%emt 00:00:33]} 61. Bf5
{[%clk 00:12:05]} {[%emt 00:00:58]} Be8 {[%clk 00:35:32]} {[%emt 00:00:30]} 62.
e5 {[%clk 00:12:08]} {[%emt 00:00:24]} Kf7 {[%clk 00:35:42]} {[%emt 00:00:23]}
63. e6+ {[%clk 00:11:51]} {[%emt 00:00:46]} Kg8 {[%clk 00:36:06]} {[%emt
00:00:06]} 64. Kh6 {[%clk 00:11:35]} {[%emt 00:00:45]} Bc6 {[%clk 00:36:21]}
{[%emt 00:00:15]} 65. Bg7 {[%clk 00:11:48]} {[%emt 00:00:17]} Be4 {[%clk
00:34:42]} {[%emt 00:02:10]} 66. Bxe4 {[%clk 00:12:13]} {[%emt 00:00:06]} b4
{[%clk 00:35:06]} {[%emt 00:00:06]} 67. Bh7# {[%clk 00:12:03]} {[%emt
00:00:09]} 1-0

[Event "DEM U10 2024"]
[Site "Willingen GER"]
[Date "2024.05.24"]
[Round "9"]
[White "Weßels, Keke"]
[Black "Jüngling, Leonard"]
[Result "1-0"]
[Termination "normal"]
[Board "24"]
[WhiteElo "1207"]
[BlackElo "1446"]
[WhiteClock "00:41:55"]
[BlackClock "01:06:39"]
[PlyCount "117"]
[WhiteFideId "34640045"]
[BlackFideId "34669116"]
[EventCountry "GER"]
[EventRounds "11"]
[EventType "swiss"]
[EventDate "2024.05.18"]

1. d4 {[%clk 01:15:55]} {[%emt 00:00:04]} f5 {[%clk 01:15:56]} {[%emt
00:00:04]} 2. Nc3 {[%clk 01:16:07]} {[%emt 00:00:18]} Nf6 {[%clk 01:16:21]}
{[%emt 00:00:06]} 3. Bf4 {[%clk 01:16:18]} {[%emt 00:00:19]} e6 {[%clk
01:16:19]} {[%emt 00:00:32]} 4. g4 {[%clk 01:16:27]} {[%emt 00:00:21]} Nxg4
{[%clk 01:15:26]} {[%emt 00:01:23]} 5. e4 {[%clk 01:16:37]} {[%emt 00:00:20]}
b6 {[%clk 01:13:13]} {[%emt 00:02:43]} 6. Qf3 {[%clk 01:15:39]} {[%emt
00:01:26]} Bb7 {[%clk 01:13:03]} {[%emt 00:00:42]} 7. Qg3 {[%clk 01:14:27]}
{[%emt 00:01:41]} Bb4 {[%clk 01:11:22]} {[%emt 00:02:13]} 8. O-O-O {[%clk
01:07:19]} {[%emt 00:07:37]} g6 {[%clk 01:11:06]} {[%emt 00:00:46]} 9. Bg2
{[%clk 01:06:13]} {[%emt 00:01:35]} Bxc3 {[%clk 01:10:59]} {[%emt 00:00:38]}
10. bxc3 {[%clk 01:06:23]} {[%emt 00:00:20]} c5 {[%clk 01:08:09]} {[%emt
00:03:20]} 11. e5 {[%clk 01:04:54]} {[%emt 00:01:58]} Bxg2 {[%clk 01:07:40]}
{[%emt 00:00:59]} 12. Qxg2 {[%clk 01:04:59]} {[%emt 00:00:25]} Nc6 {[%clk
01:07:35]} {[%emt 00:00:36]} 13. h3 {[%clk 01:04:38]} {[%emt 00:00:50]} g5
{[%clk 01:07:56]} {[%emt 00:00:11]} 14. Bd2 {[%clk 01:03:57]} {[%emt 00:01:08]}
Nh6 {[%clk 01:04:31]} {[%emt 00:03:57]} 15. Bxg5 {[%clk 01:01:44]} {[%emt
00:02:43]} Qc7 {[%clk 01:03:59]} {[%emt 00:01:02]} 16. Bxh6 {[%clk 01:01:30]}
{[%emt 00:00:44]} O-O-O {[%clk 01:04:05]} {[%emt 00:00:24]} 17. Ne2 {[%clk
00:59:47]} {[%emt 00:02:12]} Qb7 {[%clk 01:03:11]} {[%emt 00:01:25]} 18. Rhg1
{[%clk 00:57:19]} {[%emt 00:02:57]} Qa6 {[%clk 01:03:16]} {[%emt 00:00:26]} 19.
Kd2 {[%clk 00:53:44]} {[%emt 00:04:04]} Na5 {[%clk 01:03:06]} {[%emt 00:00:41]}
20. Ke1 {[%clk 00:47:29]} {[%emt 00:06:44]} Nc4 {[%clk 01:02:05]} {[%emt
00:01:32]} 21. Ra1 {[%clk 00:46:38]} {[%emt 00:01:21]} Kb8 {[%clk 01:02:01]}
{[%emt 00:00:35]} 22. Bg5 {[%clk 00:46:06]} {[%emt 00:01:01]} Rdg8 {[%clk
01:02:11]} {[%emt 00:00:20]} 23. Qf3 {[%clk 00:46:09]} {[%emt 00:00:25]} Qa3
{[%clk 01:01:50]} {[%emt 00:00:52]} 24. dxc5 {[%clk 00:44:25]} {[%emt
00:02:14]} Qb2 {[%clk 01:00:49]} {[%emt 00:01:32]} 25. Rc1 {[%clk 00:43:33]}
{[%emt 00:01:18]} bxc5 {[%clk 01:00:39]} {[%emt 00:00:45]} 26. Qd3 {[%clk
00:42:37]} {[%emt 00:01:21]} Nxe5 {[%clk 00:59:44]} {[%emt 00:01:28]} 27. Qd6+
{[%clk 00:42:24]} {[%emt 00:00:40]} Kb7 {[%clk 00:58:45]} {[%emt 00:01:34]} 28.
Qxe5 {[%clk 00:41:15]} {[%emt 00:01:38]} h6 {[%clk 00:59:04]} {[%emt 00:00:11]}
29. Bf4 {[%clk 00:41:13]} {[%emt 00:00:30]} Rxg1+ {[%clk 00:59:05]} {[%emt
00:00:30]} 30. Nxg1 {[%clk 00:41:17]} {[%emt 00:00:27]} Rg8 {[%clk 00:59:07]}
{[%emt 00:00:27]} 31. Qc7+ {[%clk 00:37:50]} {[%emt 00:03:56]} Ka6 {[%clk
00:58:48]} {[%emt 00:00:50]} 32. Qd6+ {[%clk 00:38:01]} {[%emt 00:00:16]} Kb7
{[%clk 00:58:38]} {[%emt 00:00:43]} 33. Qxd7+ {[%clk 00:38:16]} {[%emt
00:00:14]} Ka8 {[%clk 00:58:54]} {[%emt 00:00:14]} 34. Qc6+ {[%clk 00:38:13]}
{[%emt 00:00:32]} Qb7 {[%clk 00:59:07]} {[%emt 00:00:17]} 35. Qxb7+ {[%clk
00:38:22]} {[%emt 00:00:22]} Kxb7 {[%clk 00:59:30]} {[%emt 00:00:07]} 36. Rb1+
{[%clk 00:38:34]} {[%emt 00:00:18]} Ka8 {[%clk 00:59:44]} {[%emt 00:00:16]} 37.
Nf3 {[%clk 00:38:37]} {[%emt 00:00:26]} a6 {[%clk 00:59:45]} {[%emt 00:00:30]}
38. Ke2 {[%clk 00:38:51]} {[%emt 00:00:15]} h5 {[%clk 00:59:58]} {[%emt
00:00:18]} 39. Ne5 {[%clk 00:38:34]} {[%emt 00:00:45]} Rc8 {[%clk 01:00:02]}
{[%emt 00:00:27]} 40. Nd7 {[%clk 00:38:32]} {[%emt 00:00:29]} Rd8 {[%clk
01:00:26]} {[%emt 00:00:11]} 41. Rb8+ {[%clk 00:38:21]} {[%emt 00:00:40]} Rxb8
{[%clk 01:00:48]} {[%emt 00:00:08]} 42. Nxb8 {[%clk 00:38:28]} {[%emt
00:00:23]} Ka7 {[%clk 01:01:13]} {[%emt 00:00:05]} 43. Kd3 {[%clk 00:38:20]}
{[%emt 00:00:37]} Kb6 {[%clk 01:01:32]} {[%emt 00:00:11]} 44. Kc4 {[%clk
00:38:25]} {[%emt 00:00:24]} a5 {[%clk 01:01:38]} {[%emt 00:00:26]} 45. Nd7+
{[%clk 00:38:40]} {[%emt 00:00:13]} Kc6 {[%clk 01:01:59]} {[%emt 00:00:09]} 46.
Nxc5 {[%clk 00:38:55]} {[%emt 00:00:15]} e5 {[%clk 01:01:40]} {[%emt 00:00:50]}
47. Bxe5 {[%clk 00:39:06]} {[%emt 00:00:19]} a4 {[%clk 01:02:34]} {[%emt
00:00:07]} 48. Nxa4 {[%clk 00:39:54]} {[%emt 00:00:10]} f4 {[%clk 01:02:58]}
{[%emt 00:00:08]} 49. Bxf4 {[%clk 00:39:57]} {[%emt 00:00:26]} h4 {[%clk
01:03:21]} {[%emt 00:00:07]} 50. Bh6 {[%clk 00:40:02]} {[%emt 00:00:23]} Kb7
{[%clk 01:03:44]} {[%emt 00:00:09]} 51. f4 {[%clk 00:40:22]} {[%emt 00:00:09]}
Ka8 {[%clk 01:04:02]} {[%emt 00:00:13]} 52. f5 {[%clk 00:40:38]} {[%emt
00:00:14]} Kb7 {[%clk 01:04:23]} {[%emt 00:00:10]} 53. f6 {[%clk 00:40:59]}
{[%emt 00:00:08]} Ka8 {[%clk 01:04:45]} {[%emt 00:00:08]} 54. f7 {[%clk
00:41:17]} {[%emt 00:00:12]} Kb7 {[%clk 01:05:09]} {[%emt 00:00:06]} 55. f8=Q
{[%emt 00:00:22]} Ka7 {[%clk 01:05:30]} {[%emt 00:00:04]} 56. Qb4 {[%clk
00:41:42]} {[%emt 00:00:17]} Ka8 {[%clk 01:05:55]} {[%emt 00:00:06]} 57. Bf4
{[%clk 00:41:44]} {[%emt 00:00:26]} Ka7 {[%clk 01:06:16]} {[%emt 00:00:11]} 58.
Qb8+ {[%clk 00:42:02]} {[%emt 00:00:11]} Ka6 {[%clk 01:06:39]} {[%emt
00:00:08]} 59. Qb6# {[%clk 00:41:55]} {[%emt 00:00:06]} 1-0

[Event "DEM U10 2024"]
[Site "Willingen GER"]
[Date "2024.05.24"]
[Round "9"]
[White "Romberg, Moritz"]
[Black "Löffelholz, Jonas"]
[Result "0-1"]
[Termination "normal"]
[Board "25"]
[WhiteElo "1054"]
[BlackElo "1126"]
[WhiteClock "00:48:41"]
[BlackClock "00:58:08"]
[PlyCount "66"]
[WhiteFideId "34676600"]
[BlackFideId "34616101"]
[EventCountry "GER"]
[EventRounds "11"]
[EventType "swiss"]
[EventDate "2024.05.18"]

1. d4 {[%clk 01:15:59]} {[%emt 00:00:01]} Nf6 {[%clk 01:15:55]} {[%emt
00:00:06]} 2. c4 {[%clk 01:16:24]} {[%emt 00:00:05]} e6 {[%clk 01:16:19]}
{[%emt 00:00:06]} 3. Nc3 {[%clk 01:16:48]} {[%emt 00:00:06]} Bb4 {[%clk
01:16:44]} {[%emt 00:00:05]} 4. Bd2 {[%clk 01:17:00]} {[%emt 00:00:17]} Bxc3
{[%clk 01:17:09]} {[%emt 00:00:06]} 5. Bxc3 {[%clk 01:17:19]} {[%emt 00:00:11]}
d5 {[%clk 01:17:30]} {[%emt 00:00:08]} 6. e3 {[%clk 01:17:18]} {[%emt
00:00:30]} O-O {[%clk 01:17:40]} {[%emt 00:00:21]} 7. Nf3 {[%clk 01:17:23]}
{[%emt 00:00:25]} Nbd7 {[%clk 01:17:55]} {[%emt 00:00:15]} 8. Be2 {[%clk
01:17:38]} {[%emt 00:00:15]} b6 {[%clk 01:17:47]} {[%emt 00:00:38]} 9. b4
{[%clk 01:17:44]} {[%emt 00:00:25]} c5 {[%clk 01:17:50]} {[%emt 00:00:26]} 10.
bxc5 {[%clk 01:17:49]} {[%emt 00:00:26]} bxc5 {[%clk 01:18:13]} {[%emt
00:00:07]} 11. O-O {[%clk 01:18:03]} {[%emt 00:00:16]} Qc7 {[%clk 01:18:24]}
{[%emt 00:00:18]} 12. Nd2 {[%clk 01:17:29]} {[%emt 00:01:04]} Bb7 {[%clk
01:18:29]} {[%emt 00:00:25]} 13. Qc2 {[%clk 01:17:14]} {[%emt 00:00:44]} Qc6
{[%clk 01:18:02]} {[%emt 00:00:58]} 14. f3 {[%clk 01:17:31]} {[%emt 00:00:13]}
dxc4 {[%clk 01:15:06]} {[%emt 00:03:26]} 15. Nxc4 {[%clk 01:15:29]} {[%emt
00:02:31]} Nb6 {[%clk 01:15:24]} {[%emt 00:00:13]} 16. Nxb6 {[%clk 01:13:56]}
{[%emt 00:02:03]} axb6 {[%clk 01:15:08]} {[%emt 00:00:46]} 17. Bc4 {[%clk
01:12:22]} {[%emt 00:02:04]} Rfc8 {[%clk 01:11:42]} {[%emt 00:03:56]} 18. dxc5
{[%emt 00:01:16]} Qxc5 {[%clk 01:10:45]} {[%emt 00:01:22]} 19. Bxf6 {[%clk
01:12:04]} {[%emt 00:00:07]} gxf6 {[%clk 01:09:34]} {[%emt 00:01:42]} 20. Rac1
{[%clk 01:10:59]} {[%emt 00:01:33]} Ba6 {[%clk 01:05:04]} {[%emt 00:05:02]} 21.
Bxa6 {[%clk 01:08:52]} {[%emt 00:02:37]} Qxc2 {[%clk 01:03:01]} {[%emt
00:02:33]} 22. Bxc8 {[%clk 01:08:55]} {[%emt 00:00:26]} Qxa2 {[%clk 01:03:07]}
{[%emt 00:00:24]} 23. Bb7 {[%clk 01:08:25]} {[%emt 00:01:00]} Rd8 {[%clk
01:03:02]} {[%emt 00:00:35]} 24. Ra1 {[%clk 01:07:59]} {[%emt 00:00:56]} Qb3
{[%clk 01:03:04]} {[%emt 00:00:25]} 25. Rfe1 {[%clk 01:07:30]} {[%emt
00:01:01]} Rd2 {[%clk 01:02:48]} {[%emt 00:00:46]} 26. Rab1 {[%clk 01:06:59]}
{[%emt 00:01:01]} Qc2 {[%clk 01:02:28]} {[%emt 00:00:50]} 27. f4 {[%clk
01:07:19]} {[%emt 00:00:11]} e5 {[%clk 01:02:15]} {[%emt 00:00:43]} 28. Rbc1
{[%clk 01:06:10]} {[%emt 00:01:38]} Qd3 {[%clk 01:01:52]} {[%emt 00:00:46]} 29.
Bf3 {[%clk 00:59:47]} {[%emt 00:07:01]} e4 {[%clk 01:00:31]} {[%emt 00:01:51]}
30. Bg4 {[%clk 00:59:28]} {[%emt 00:00:47]} Qb5 {[%clk 01:00:23]} {[%emt
00:00:37]} 31. Bh3 {[%clk 00:57:32]} {[%emt 00:02:25]} Re2 {[%clk 00:58:55]}
{[%emt 00:02:02]} 32. Bf5 {[%clk 00:54:29]} {[%emt 00:03:33]} Rxe1+ {[%clk
00:57:41]} {[%emt 00:01:44]} 33. Rxe1 {[%clk 00:48:41]} {[%emt 00:06:18]} Qxf5
{[%clk 00:58:08]} {[%emt 00:05:31]} 0-1

[Event "DEM U10 2024"]
[Site "Willingen GER"]
[Date "2024.05.24"]
[Round "9"]
[White "Link, Jonas Michael"]
[Black "König, Marius"]
[Result "0-1"]
[Termination "normal"]
[Board "27"]
[WhiteElo "1187"]
[BlackElo "1356"]
[WhiteClock "01:21:31"]
[BlackClock "01:09:15"]
[PlyCount "118"]
[WhiteFideId "533001839"]
[BlackFideId "533001812"]
[EventCountry "GER"]
[EventRounds "11"]
[EventType "swiss"]
[EventDate "2024.05.18"]

1. e4 {[%clk 01:15:58]} {[%emt 00:00:01]} c5 {[%clk 01:15:56]} {[%emt
00:00:04]} 2. Nf3 {[%clk 01:16:18]} {[%emt 00:00:10]} Nc6 {[%clk 01:16:24]}
{[%emt 00:00:04]} 3. d4 {[%clk 01:16:33]} {[%emt 00:00:14]} cxd4 {[%clk
01:16:49]} {[%emt 00:00:05]} 4. Nxd4 {[%clk 01:16:52]} {[%emt 00:00:09]} g6
{[%clk 01:17:16]} {[%emt 00:00:04]} 5. Be3 {[%clk 01:17:02]} {[%emt 00:00:21]}
Bg7 {[%clk 01:16:57]} {[%emt 00:00:49]} 6. Nc3 {[%clk 01:17:06]} {[%emt
00:00:25]} Nf6 {[%clk 01:17:12]} {[%emt 00:00:15]} 7. Qd2 {[%clk 01:17:14]}
{[%emt 00:00:23]} O-O {[%clk 01:17:32]} {[%emt 00:00:10]} 8. O-O-O {[%clk
01:17:33]} {[%emt 00:00:09]} d6 {[%clk 01:17:15]} {[%emt 00:00:49]} 9. Bh6
{[%clk 01:17:42]} {[%emt 00:00:21]} Nxd4 {[%clk 01:16:54]} {[%emt 00:00:51]}
10. Bxg7 {[%clk 01:17:51]} {[%emt 00:00:19]} Nb3+ {[%clk 01:15:14]} {[%emt
00:02:11]} 11. cxb3 {[%clk 01:17:56]} {[%emt 00:00:24]} Kxg7 {[%clk 01:15:37]}
{[%emt 00:00:08]} 12. e5 {[%clk 01:17:56]} {[%emt 00:00:31]} Ne8 {[%clk
01:14:21]} {[%emt 00:01:45]} 13. Bc4 {[%clk 01:17:19]} {[%emt 00:01:07]} Qc7
{[%clk 01:13:21]} {[%emt 00:01:31]} 14. Nb5 {[%clk 01:17:02]} {[%emt 00:00:47]}
Qd8 {[%clk 01:09:14]} {[%emt 00:04:37]} 15. exd6 {[%clk 01:17:16]} {[%emt
00:00:15]} exd6 {[%clk 01:08:44]} {[%emt 00:01:00]} 16. Nxd6 {[%clk 01:17:29]}
{[%emt 00:00:18]} Nxd6 {[%clk 01:07:48]} {[%emt 00:01:25]} 17. Qxd6 {[%clk
01:17:49]} {[%emt 00:00:11]} Qxd6 {[%clk 01:05:29]} {[%emt 00:02:49]} 18. Rxd6
{[%clk 01:18:08]} {[%emt 00:00:11]} Bf5 {[%clk 01:03:38]} {[%emt 00:02:21]} 19.
Rhd1 {[%clk 01:17:52]} {[%emt 00:00:46]} Rac8 {[%clk 01:02:53]} {[%emt
00:01:15]} 20. f3 {[%clk 01:17:55]} {[%emt 00:00:27]} b5 {[%clk 01:02:13]}
{[%emt 00:01:09]} 21. g4 {[%clk 01:18:11]} {[%emt 00:00:14]} Be6 {[%clk
01:02:30]} {[%emt 00:00:14]} 22. Kb1 {[%clk 01:17:46]} {[%emt 00:00:55]} bxc4
{[%clk 01:02:43]} {[%emt 00:00:16]} 23. bxc4 {[%clk 01:17:46]} {[%emt
00:00:30]} Bxc4 {[%clk 01:01:55]} {[%emt 00:01:17]} 24. h4 {[%clk 01:17:43]}
{[%emt 00:00:34]} Be2 {[%clk 01:01:48]} {[%emt 00:00:38]} 25. Rg1 {[%clk
01:17:58]} {[%emt 00:00:15]} Bxf3 {[%clk 01:01:51]} {[%emt 00:00:27]} 26. h5
{[%clk 01:18:19]} {[%emt 00:00:09]} Be4+ {[%clk 01:02:09]} {[%emt 00:00:11]}
27. Ka1 {[%clk 01:18:24]} {[%emt 00:00:26]} Rc2 {[%clk 01:01:47]} {[%emt
00:00:51]} 28. hxg6 {[%clk 01:17:55]} {[%emt 00:00:59]} hxg6 {[%clk 01:01:51]}
{[%emt 00:00:27]} 29. g5 {[%clk 01:17:43]} {[%emt 00:00:41]} Rfc8 {[%clk
01:02:06]} {[%emt 00:00:16]} 30. Rdd1 {[%clk 01:18:01]} {[%emt 00:00:12]} Bd3
{[%clk 01:01:38]} {[%emt 00:00:58]} 31. a3 {[%clk 01:18:13]} {[%emt 00:00:18]}
Bc4 {[%clk 01:01:10]} {[%emt 00:00:57]} 32. Rc1 {[%clk 01:17:47]} {[%emt
00:00:56]} Rxc1+ {[%clk 01:01:28]} {[%emt 00:00:12]} 33. Rxc1 {[%clk 01:18:05]}
{[%emt 00:00:12]} Be6 {[%clk 01:01:54]} {[%emt 00:00:05]} 34. Rxc8 {[%clk
01:18:15]} {[%emt 00:00:19]} Bxc8 {[%clk 01:02:17]} {[%emt 00:00:07]} 35. b4
{[%clk 01:18:29]} {[%emt 00:00:17]} f6 {[%clk 01:02:39]} {[%emt 00:00:08]} 36.
gxf6+ {[%clk 01:18:49]} {[%emt 00:00:09]} Kxf6 {[%clk 01:03:03]} {[%emt
00:00:06]} 37. Kb2 {[%clk 01:19:04]} {[%emt 00:00:15]} g5 {[%clk 01:03:06]}
{[%emt 00:00:27]} 38. Kc3 {[%clk 01:19:26]} {[%emt 00:00:08]} Ke5 {[%clk
01:03:12]} {[%emt 00:00:25]} 39. Kd3 {[%clk 01:19:14]} {[%emt 00:00:41]} g4
{[%clk 01:03:23]} {[%emt 00:00:18]} 40. Ke2 {[%clk 01:19:37]} {[%emt 00:00:07]}
Kd4 {[%clk 01:03:47]} {[%emt 00:00:07]} 41. Kf2 {[%clk 01:19:53]} {[%emt
00:00:13]} Kc3 {[%clk 01:04:10]} {[%emt 00:00:07]} 42. Kg3 {[%clk 01:20:15]}
{[%emt 00:00:08]} Kb3 {[%clk 01:04:31]} {[%emt 00:00:08]} 43. b5 {[%clk
01:20:21]} {[%emt 00:00:56]} Kxa3 {[%clk 01:05:20]} {[%emt 00:00:09]} 44. Kf2
{[%emt 00:00:11]} Kb4 {[%emt 00:00:07]} 45. Ke3 {[%clk 01:20:15]} {[%emt
00:00:18]} Kxb5 {[%clk 01:05:37]} {[%emt 00:00:14]} 46. Kd3 {[%clk 01:19:32]}
{[%emt 00:01:13]} a5 {[%clk 01:05:56]} {[%emt 00:00:11]} 47. Ke3 {[%clk
01:19:26]} {[%emt 00:00:36]} a4 {[%clk 01:06:17]} {[%emt 00:00:09]} 48. Kd3
{[%clk 01:19:47]} {[%emt 00:00:08]} g3 {[%clk 01:06:33]} {[%emt 00:00:15]} 49.
Ke3 {[%clk 01:20:12]} {[%emt 00:00:05]} g2 {[%clk 01:06:55]} {[%emt 00:00:07]}
50. Kf2 {[%clk 01:20:30]} {[%emt 00:00:12]} Bb7 {[%clk 01:07:18]} {[%emt
00:00:08]} 51. Kg1 {[%clk 01:20:38]} {[%emt 00:00:21]} a3 {[%clk 01:07:42]}
{[%emt 00:00:06]} 52. Kf2 {[%clk 01:20:14]} {[%emt 00:00:55]} a2 {[%clk
01:08:04]} {[%emt 00:00:08]} 53. Kg1 {[%clk 01:20:30]} {[%emt 00:00:13]} a1=Q+
{[%clk 01:08:25]} {[%emt 00:00:08]} 54. Kf2 {[%clk 01:20:50]} {[%emt 00:00:11]}
Qd4+ {[%clk 01:08:31]} {[%emt 00:00:24]} 55. Ke2 {[%clk 01:21:09]} {[%emt
00:00:44]} Qc3 {[%clk 01:08:41]} {[%emt 00:00:48]} 56. Kf2 {[%clk 01:21:03]}
{[%emt 00:00:36]} Qf3+ {[%clk 01:08:56]} {[%emt 00:00:14]} 57. Ke1 {[%clk
01:20:57]} {[%emt 00:00:36]} g1=Q+ {[%clk 01:09:13]} {[%emt 00:00:11]} 58. Kd2
{[%clk 01:21:20]} {[%emt 00:00:10]} Qfe3+ {[%clk 01:08:58]} {[%emt 00:00:46]}
59. Kc2 {[%clk 01:21:31]} {[%emt 00:00:18]} Qgc1# {[%clk 01:09:15]} {[%emt
00:00:12]} 0-1